000 00574nam a2200205 i 4500
001 bg
100 1 _aKEHEW, Alan E.
245 1 0 _aGeneral geology for engineers /
_cAlan E. Kehew.
260 _aEnglewood Cliffs :
_bPrentice Hall,
_c1988.
300 _aXV, 447 s. :
_bfot., mapy, rys., wykr. ;
_c29 cm.
504 _aBibliogr. przy rozdz. - Indeks.
650 9 _aGeologia inżynierska
_xzagadnienia
020 _a0133504069
040 _cBPK
041 _apol
080 _a55
920 _a0-13-350406-9
942 _cKS
008 s pl f |000 0 pol
999 _c30368
_d30368
856 _uhttp://koha.tu.koszalin.pl/cgi-bin/koha/opac-detail.pl?biblionumber=30368
_yKatalog online BPK